Vatana kī āvāza; (Record no. 79237)

MARC details
000 -LEADER
fixed length control field 00837cam a22002651 4500
001 - CONTROL NUMBER
control field sa 68003104
003 - CONTROL NUMBER IDENTIFIER
control field DLC
005 - DATE AND TIME OF LATEST TRANSACTION
control field 20260227112449.0
008 - FIXED-LENGTH DATA ELEMENTS--GENERAL INFORMATION
fixed length control field 890602s1963 ii a 000 0 hino
010 ## - LIBRARY OF CONGRESS CONTROL NUMBER
LC control number sa 68003104
035 ## - SYSTEM CONTROL NUMBER
System control number (OCoLC)19806579
040 ## - CATALOGING SOURCE
Original cataloging agency DLC
Transcribing agency WaU
Modifying agency NRU
-- DLC
042 ## - AUTHENTICATION CODE
Authentication code premarc
043 ## - GEOGRAPHIC AREA CODE
Geographic area code a-ii---
-- a-cc---
050 00 - LIBRARY OF CONGRESS CALL NUMBER
Classification number PK2057
Item number .S83
100 1# - MAIN ENTRY--PERSONAL NAME
Personal name Śukla, Vijayanārāyaṇa.
245 10 - TITLE STATEMENT
Title Vatana kī āvāza;
Remainder of title ojasvī kavitāoṃ kā saṅkalana.
Statement of responsibility, etc. Vijayanārāyaṇa Śukla aura Vimalā Prabhākara dvārā sampādita.
250 ## - EDITION STATEMENT
Edition statement [1. saṃskaraṇa]
260 ## - PUBLICATION, DISTRIBUTION, ETC.
Place of publication, distribution, etc. Jayapura,
Name of publisher, distributor, etc. Inḍiyana Ārṭa Pablikeśana
Date of publication, distribution, etc. [1963]
300 ## - PHYSICAL DESCRIPTION
Extent 48 p.
Other physical details illus.
Dimensions 19 cm.
500 ## - GENERAL NOTE
General note In Hindi.
500 ## - GENERAL NOTE
General note Poems.
650 #0 - SUBJECT ADDED ENTRY--TOPICAL TERM
Topical term or geographic name entry element Sino-Indian Border Dispute, 1957-
Form subdivision Poetry.
700 1# - ADDED ENTRY--PERSONAL NAME
Personal name Prabhākara, Vimalā.

No items available.

Powered by Koha